000 00412 a2200145 4500
020 _a0534951554
082 _a624.1821 SEG
100 _aSegui, William T.
245 _aLRFD steel design /
_cWilliam T. Segui.
250 _a2nd ed.
260 _aPacific Grove, Calif. :
_bPWS Pub.,
_cc1999.
300 _axi, 619 p. :
_bill. ;
_c25 cm.
650 _aBuilding, Iron and steel.
650 _aLoad factor design.
650 _aSteel, Structural.
999 _c2206
_d2206